Principles Underlying Post-Stroke Recovery of Upper Extremity Sensorimotor Function - A Neuroimaging Perspective (Record no. 34117)
[ view plain ]
| 000 -LEADER | |
|---|---|
| fixed length control field | 00781nam a2200133Ia 4500 |
| 008 - FIXED-LENGTH DATA ELEMENTS--GENERAL INFORMATION | |
| fixed length control field | 220620s9999||||xx |||||||||||||| ||und|| |
| 022 ## - INTERNATIONAL STANDARD SERIAL NUMBER | |
| International Standard Serial Number | 16648714 |
| 100 ## - MAIN ENTRY--PERSONAL NAME | |
| Personal name | Rudiger J. Seitz||Bruno J. Weder||Roland Wiest |
| 245 #0 - TITLE STATEMENT | |
| Title | Principles Underlying Post-Stroke Recovery of Upper Extremity Sensorimotor Function - A Neuroimaging Perspective |
| 546 ## - LANGUAGE NOTE | |
| Language note | English[eng] |
| 650 ## - SUBJECT ADDED ENTRY--TOPICAL TERM | |
| Topical term or geographic name entry element | stroke recovery||Motor Imagery||structural covariance||Somatosensory Disorders||perilesional plasticity||network reorganization||multimodal neuroimaging||Neurorehabilitation||computational biophysical modeling||motor control |
| 856 ## - ELECTRONIC LOCATION AND ACCESS | |
| Uniform Resource Identifier | <a href="http://journal.frontiersin.org/researchtopic/2914/principles-underlying-post-stroke-recovery-of-upper-extremity-sensorimotor-function---a-neuroimaging">http://journal.frontiersin.org/researchtopic/2914/principles-underlying-post-stroke-recovery-of-upper-extremity-sensorimotor-function---a-neuroimaging</a> |
| 942 ## - ADDED ENTRY ELEMENTS (KOHA) | |
| Koha item type | E-Books |
| Withdrawn status | Lost status | Damaged status | Not for loan | Home library | Current library | Date acquired | Total Checkouts | Date last seen | Price effective from | Koha item type |
|---|---|---|---|---|---|---|---|---|---|---|
| Kerala University of Digital Sciences, Innovation and Technology Knowledge Centre | Kerala University of Digital Sciences, Innovation and Technology Knowledge Centre | 20/06/2022 | 20/06/2022 | 20/06/2022 | E-Books |